[Event "Bosnjaci op 27th"]
[Site "Bosnjaci"]
[Date "2023.01.06"]
[Round "6"]
[White "Sipic, Hrvoje"]
[Black "Nikic, Patrick"]
[Result "1/2-1/2"]
[WhiteElo "2241"]
[BlackElo "2120"]
[PlyCount "35"]
[EventDate "2023.01.03"]
[EventType "swiss"]
[EventRounds "9"]
[EventCountry "CRO"]
[SourceTitle "CBM 212 Extra"]
[Source "ChessBase"]
[SourceDate "2023.03.31"]
[SourceVersion "1"]
[SourceVersionDate "2023.03.31"]
[SourceQuality "1"]

1. c4 Nf6 2. Nc3 c5 3. Nf3 Nc6 4. g3 g6 5. Bg2 Bg7 6. 0-0 d6 7. d4 cxd4 8. Nxd4 Bd7 9. e4 0-0 10. h3 Qc8 11. Nxc6 bxc6 12. Kh2 Qa6 13. c5 Rad8 14. cxd6 exd6 15. Bf4 Be6 16. Qa4 Qxa4 17. Nxa4 d5 18. exd5 1/2-1/2

[Event "Solta op 5th"]
[Site "Grohote"]
[Date "2022.07.09"]
[Round "8"]
[White "Sipic, Hrvoje"]
[Black "Polok, Kacper"]
[Result "0-1"]
[WhiteElo "2217"]
[BlackElo "2215"]
[PlyCount "86"]
[EventDate "2022.07.02"]
[EventType "swiss"]
[EventRounds "9"]
[EventCountry "CRO"]
[SourceTitle "EXT 2023"]
[Source "ChessBase"]
[SourceDate "2022.10.05"]
[SourceVersion "1"]
[SourceVersionDate "2022.10.05"]
[SourceQuality "1"]

1. d4 Nf6 2. Bf4 g6 3. Nc3 d5 4. Qd2 c6 5. Bh6 Bxh6 6. Qxh6 b5 7. a3 Qa5 8. Qd2 Na6 9. Ne4 Qxd2+ 10. Nxd2 Bd7 11. e3 c5 12. a4 Nb4 13. Kd1 cxd4 14. exd4 Nc6 15. Bxb5 Nxd4 16. Bxd7+ Nxd7 17. Ne2 Nxe2 18. Kxe2 e5 19. c4 d4 20. Rhc1 a5 21. c5 Ke7 22. c6 Nb6 23. Rc5 Ke6 24. Nb3 Rhc8 25. Nxa5 e4 26. Nc4 Nd7 27. Ra5 Rab8 28. cxd7 Rxc4 29. Rb5 Rd8 30. Kd2 Rxd7 31. f3 f5 32. fxe4 fxe4 33. Rb6+ Kd5 34. Rb5+ Kc6 35. Re5 d3 36. Rc1 Kd6 37. Rxc4 Kxe5 38. Rc1 Kd4 39. b3 e3+ 40. Kd1 Rf7 41. Rc4+ Kd5 42. Ke1 d2+ 43. Kd1 Rf1+ 0-1

[Event "Solta op 5th"]
[Site "Grohote"]
[Date "2022.07.06"]
[Round "5"]
[White "Sipic, Hrvoje"]
[Black "Dumancic, Simun"]
[Result "1-0"]
[WhiteElo "2217"]
[BlackElo "1961"]
[PlyCount "71"]
[EventDate "2022.07.02"]
[EventType "swiss"]
[EventRounds "9"]
[EventCountry "CRO"]
[SourceTitle "EXT 2023"]
[Source "ChessBase"]
[SourceDate "2022.10.05"]
[SourceVersion "1"]
[SourceVersionDate "2022.10.05"]
[SourceQuality "1"]

1. d4 Nf6 2. Bf4 g6 3. Nc3 d5 4. Qd2 h6 5. f3 Bf5 6. 0-0-0 a6 7. Re1 c6 8. e4 dxe4 9. fxe4 Be6 10. Nf3 Qa5 11. Kb1 Qd8 12. Rd1 Bg7 13. h4 b5 14. d5 cxd5 15. exd5 Bf5 16. d6 e6 17. Ne5 b4 18. Na4 Nd5 19. Bc4 Qxd6 20. Bxd5 Qxd5 21. Qxb4 Qe4 22. Qd6 Bf6 23. Nb6 Qxc2+ 24. Ka1 Be7 25. Qd4 Qxg2 26. Nxa8 Qxa8 27. Nxg6 fxg6 28. Qxh8+ Bf8 29. Rd8+ Kxd8 30. Qxf8+ Kd7 31. Rd1+ Kc6 32. Qd6+ Kb5 33. a4+ Kxa4 34. Rd4+ Kb3 35. Rb4+ Kc2 36. Qd2# 1-0

[Event "Solta op 5th"]
[Site "Grohote"]
[Date "2022.07.04"]
[Round "3"]
[White "Sipic, Hrvoje"]
[Black "Ivekovic, Tihana"]
[Result "1-0"]
[WhiteElo "2217"]
[BlackElo "2082"]
[PlyCount "87"]
[EventDate "2022.07.02"]
[EventType "swiss"]
[EventRounds "9"]
[EventCountry "CRO"]
[SourceTitle "EXT 2023"]
[Source "ChessBase"]
[SourceDate "2022.10.05"]
[SourceVersion "1"]
[SourceVersionDate "2022.10.05"]
[SourceQuality "1"]

1. d4 Nf6 2. Bf4 e6 3. Nf3 b6 4. Nbd2 Bb7 5. h3 Be7 6. e3 c5 7. c3 0-0 8. Bd3 cxd4 9. exd4 d6 10. Qe2 Nbd7 11. 0-0 Re8 12. Nc4 Qc7 13. a4 a6 14. Ng5 Bf8 15. Qc2 g6 16. Rfe1 Bd5 17. Ne3 Bc6 18. Rad1 Nd5 19. Nxd5 Bxd5 20. Ne4 Bc6 21. h4 e5 22. dxe5 dxe5 23. Bg3 b5 24. axb5 axb5 25. h5 Qb7 26. hxg6 hxg6 27. f3 Qa7+ 28. Bf2 Qa4 29. Qb1 Qa2 30. Qc1 Bg7 31. Bb1 Qa6 32. Rd6 Qb7 33. Red1 Red8 34. Qg5 Re8 35. Bc2 Nf8 36. Nf6+ Bxf6 37. Qxf6 Nh7 38. Qh4 Nf8 39. Bb3 Rac8 40. Qg5 Qe7 41. Rxg6+ Nxg6 42. Qxg6+ Kf8 43. Qh6+ Kg8 44. Rd6 1-0

[Event "Solta op 4th"]
[Site "Grohote"]
[Date "2021.08.15"]
[Round "9"]
[White "Suta, Andraz"]
[Black "Sipic, Hrvoje"]
[Result "1-0"]
[WhiteElo "2255"]
[BlackElo "2197"]
[PlyCount "49"]
[EventDate "2021.08.08"]
[EventType "swiss"]
[EventRounds "9"]
[EventCountry "CRO"]
[SourceTitle "CBM 203 Extra"]
[Source "ChessBase"]
[SourceDate "2021.09.30"]
[SourceVersion "1"]
[SourceVersionDate "2021.09.30"]
[SourceQuality "1"]

1. e4 c5 2. Nf3 d6 3. d4 cxd4 4. Nxd4 Nf6 5. Nc3 g6 6. Be3 Bg7 7. f3 Nc6 8. Qd2 0-0 9. Bc4 Bd7 10. 0-0-0 Rc8 11. Bb3 Ne5 12. Kb1 Re8 13. h4 h5 14. g4 hxg4 15. h5 Nxh5 16. Rdg1 Qa5 17. Bh6 Bf6 18. fxg4 Bxg4 19. Bg5 Nc4 20. Bxc4 Bxg5 21. Qd3 Nf4 22. Qf1 Bh5 23. Rxh5 Nxh5 24. Qxf7+ Kh8 25. Qxg6 1-0

[Event "Solta op 4th"]
[Site "Grohote"]
[Date "2021.08.10"]
[Round "4"]
[White "Sipic, Hrvoje"]
[Black "Lavrencic, Matic"]
[Result "1/2-1/2"]
[WhiteElo "2197"]
[BlackElo "2005"]
[PlyCount "71"]
[EventDate "2021.08.08"]
[EventType "swiss"]
[EventRounds "9"]
[EventCountry "CRO"]
[SourceTitle "CBM 203 Extra"]
[Source "ChessBase"]
[SourceDate "2021.09.30"]
[SourceVersion "1"]
[SourceVersionDate "2021.09.30"]
[SourceQuality "1"]

1. d4 Nf6 2. Nf3 d5 3. Bf4 c5 4. e3 e6 5. Nbd2 Bd6 6. Bg3 0-0 7. c3 Qc7 8. Ne5 b6 9. Bd3 Ba6 10. Bxa6 Nxa6 11. 0-0 Nb8 12. f4 Nc6 13. Qf3 Rac8 14. Bh4 Nd7 15. Qh3 Rce8 16. Rae1 f6 17. Nxd7 Qxd7 18. e4 f5 19. exd5 exd5 20. Qf3 Qf7 21. Nc4 Rxe1 22. Rxe1 Nxd4 23. cxd4 dxc4 24. Qc6 Bxf4 25. dxc5 bxc5 26. Re7 Qh5 27. Qd5+ Kh8 28. g3 Bg5 29. Bxg5 Qxg5 30. Qe5 h6 31. Rd7 Rd8 32. Rxd8+ Qxd8 33. Qxc5 Qd1+ 34. Kg2 Qe2+ 35. Qf2 Qe4+ 36. Qf3 1/2-1/2

[Event "Bosnjaci op 25th"]
[Site "Bosnjaci"]
[Date "2020.01.09"]
[Round "9"]
[White "Muratovic, Efim"]
[Black "Sipic, Hrvoje"]
[Result "1-0"]
[WhiteElo "2394"]
[BlackElo "2210"]
[PlyCount "87"]
[EventDate "2020.01.03"]
[EventType "swiss"]
[EventRounds "9"]
[EventCountry "CRO"]
[SourceTitle "CBM 194 Extra"]
[Source "ChessBase"]
[SourceDate "2020.03.31"]
[SourceVersion "1"]
[SourceVersionDate "2020.03.31"]
[SourceQuality "1"]

1. d4 Nf6 2. c4 c5 3. d5 b5 4. Qc2 g6 5. e4 bxc4 6. Bxc4 d6 7. Nc3 Bg7 8. Nge2 Nbd7 9. 0-0 0-0 10. Ng3 Nb6 11. Be2 Ng4 12. h3 Ne5 13. a4 a5 14. f4 Ned7 15. Nb5 Nb8 16. Bd2 Bd7 17. Bc3 Bxc3 18. Qxc3 Na6 19. b3 Nb4 20. f5 f6 21. fxg6 hxg6 22. Rad1 Rf7 23. Rf4 Be8 24. Bg4 Rg7 25. h4 Nd7 26. h5 g5 27. Rf2 Ne5 28. Be6+ Kh8 29. Bf5 Bd7 30. Na3 Bxf5 31. Rxf5 Rb8 32. Nc4 Nxc4 33. bxc4 Na6 34. e5 dxe5 35. d6 e6 36. Rf2 Kg8 37. Ne4 f5 38. Qxe5 fxe4 39. Qxe6+ Kh7 40. Rf6 Kh8 41. Rh6+ Rh7 42. Qe5+ Kg8 43. Rg6+ Kf8 44. Rf1+ 1-0

[Event "CRO-chT2 East"]
[Site "Osijek"]
[Date "2013.04.20"]
[Round "2.64"]
[White "Dabic, Stanko"]
[Black "Sipic, Hrvoje"]
[Result "0-1"]
[WhiteElo "2188"]
[BlackElo "2201"]
[PlyCount "88"]
[EventDate "2013.04.20"]
[EventType "team-tourn"]
[EventRounds "11"]
[EventCountry "CRO"]
[SourceTitle "EXT 2023"]
[Source "ChessBase"]
[SourceDate "2022.10.05"]
[SourceVersion "1"]
[SourceVersionDate "2022.10.05"]
[SourceQuality "1"]

1. e4 c5 2. Nf3 d6 3. Nc3 Nf6 4. d4 cxd4 5. Nxd4 g6 6. Be3 Bg7 7. Bc4 Nc6 8. Bb3 0-0 9. f3 Bd7 10. Qd2 Rc8 11. h4 h5 12. 0-0-0 Ne5 13. Kb1 Re8 14. Nd5 Nxd5 15. Bxd5 a5 16. a3 b5 17. g4 Nc4 18. Qe2 Nxe3 19. Qxe3 e6 20. Bb3 Qf6 21. gxh5 gxh5 22. Qg5 Rc5 23. Qg3 Qe5 24. Rhg1 Qxg3 25. Rxg3 Kf8 26. Ne2 Bc8 27. Rg5 Bf6 28. Rxc5 dxc5 29. c4 Ba6 30. Nc3 bxc4 31. Ba4 Rd8 32. Rxd8+ Bxd8 33. Bd1 Bxh4 34. f4 Bg3 35. Bxh5 Bxf4 36. Be2 Be5 37. Na4 Bd4 38. Nb6 Bb7 39. Bf3 f5 40. Nxc4 a4 41. Kc2 fxe4 42. Bg2 Bd5 43. b3 e3 44. Bf1 Be4+ 0-1

[Event "CRO-chT2 East"]
[Site "Croatia"]
[Date "2011.10.15"]
[Round "7"]
[White "Matanovic, Luka"]
[Black "Sipic, Hrvoje"]
[Result "1-0"]
[WhiteElo "1835"]
[BlackElo "2228"]
[PlyCount "105"]
[EventDate "2011.04.02"]
[EventType "tourn"]
[EventRounds "11"]
[EventCountry "CRO"]
[SourceTitle "EXT 2014"]
[Source "ChessBase"]
[SourceDate "2013.11.20"]
[SourceVersion "1"]
[SourceVersionDate "2013.11.20"]
[SourceQuality "1"]

1. e4 c5 2. Nf3 d6 3. d4 cxd4 4. Nxd4 Nf6 5. Nc3 g6 6. Be3 Bg7 7. f3 Nc6 8. Qd2 0-0 9. Bc4 Bd7 10. 0-0-0 Rc8 11. Bb3 Ne5 12. h4 h5 13. Kb1 a5 14. g4 a4 15. Nxa4 Bxa4 16. Bxa4 Nc4 17. Qe2 Nxe3 18. Qxe3 Qa5 19. Bb3 Qe5 20. gxh5 Nxh5 21. Rhg1 e6 22. c3 Kh7 23. Rg5 Qh2 24. Rb5 Rc7 25. Qe1 Bf6 26. Rb6 Bxh4 27. Qd2 Qxd2 28. Rxd2 Bg3 29. Nb5 Rd7 30. Nxd6 Rfd8 31. Nxf7 Rxd2 32. Nxd8 Rxd8 33. Rxb7+ Kh6 34. Bxe6 Rd3 35. Rf7 Bf4 36. Bg4 g5 37. Bf5 Ng7 38. Rf6+ Kh5 39. Bg4+ Kh4 40. a4 Ne8 41. Rc6 Nd6 42. Ka2 Nxe4 43. Bf5 Nxc3+ 44. Rxc3 Rxc3 45. bxc3 Bc7 46. Kb3 Kg3 47. Bg4 Kf4 48. Kc4 Ke3 49. Kb5 Kd3 50. a5 Bf4 51. a6 Be3 52. Kc6 Kxc3 53. Kb7 1-0

[Event "CRO-chT2 East"]
[Site "Croatia"]
[Date "2011.04.02"]
[Round "2"]
[White "Sipic, Hrvoje"]
[Black "Marjancevic, Slavko"]
[Result "1-0"]
[WhiteElo "2228"]
[BlackElo "1999"]
[PlyCount "73"]
[EventDate "2011.04.02"]
[EventType "tourn"]
[EventRounds "11"]
[EventCountry "CRO"]
[SourceTitle "EXT 2014"]
[Source "ChessBase"]
[SourceDate "2013.11.20"]
[SourceVersion "1"]
[SourceVersionDate "2013.11.20"]
[SourceQuality "1"]

1. d4 Nf6 2. Nf3 e6 3. Bf4 d5 4. e3 c5 5. c3 Nc6 6. Bd3 Bd6 7. Bg5 h6 8. Bh4 cxd4 9. exd4 Be7 10. Nbd2 Nh5 11. Bg3 Bd6 12. Qe2 Nf4 13. Bxf4 Bxf4 14. 0-0 0-0 15. Ne5 Nxe5 16. dxe5 Bxd2 17. Qxd2 a6 18. Bc2 b5 19. Qd3 g6 20. Rae1 Qc7 21. Qh3 Kg7 22. Bd3 Bb7 23. Qh4 Qd8 24. Qd4 Rc8 25. Re3 Qe7 26. Rg3 Rc7 27. Qg4 Kh8 28. Rh3 Kg7 29. Rg3 Kh8 30. Re1 Rd8 31. Qf4 Kg7 32. h4 d4 33. cxd4 Rcd7 34. Be4 Bxe4 35. Rxe4 Qb4 36. d5 Qxb2 37. dxe6 1-0